000 01025nam a22002057a 4500
999 _c64142
_d64142
003 Ge_BSU
005 20260417155841.0
008 260416s2007 ge ||||| |||| 00| 0 geo d
020 _a15124827
041 _ageo
080 _a338.48(069) შ-87
245 _aბათუმის საზღვაო აკადემია ბიზნესისა და მართვის ფაკულტეტი :
_bპირველი სამეცნიერო კონფერენცია : ლოგისტიკა და ბიზნესი. შრომები /
_cრედ. რომან მამულაძე, ჯუმბერ ვარდმანიძე.
264 _aბათუმი :
_bბსუ,
_c2007.
300 _a226 გვ.;
_b20 სმ.
500 _aპარალ. სათაური ინგლ. ენაზე.
653 _aლოგისტიკა
653 _aბიზნესი
653 _aშრომები
942 _2udc
_cᲬᲘᲒᲜᲘ